| 000 | 00820nam a2200229Ia 4500 | ||
|---|---|---|---|
| 003 | GCL | ||
| 008 | 140319s9999 xx 000 0 ara d | ||
| 020 | _a5515810977 | ||
| 040 |
_aGCL / _cGCL |
||
| 082 | 0 | 4 |
_a128.2 _bع ع |
| 100 | 1 | _aعاطف العراقى | |
| 245 | 1 | 0 |
_aالعقل والتنوير فى الفكر العربى المعاصر : _bقضايا ومذاهب وشخصيات / _cعاطف العراقى |
| 250 | _aالاولى | ||
| 260 |
_aالقاهرة : _bدار قباء للطباعة والنشر والتوزيع ، _c1998 |
||
| 300 |
_a534 س: _bايض ؛ _c24 سم |
||
| 650 | 0 | 4 | _aالفلسفة العربية |
| 650 | 0 | 4 | _aالتفكير |
| 650 | 0 | 4 | _aالفلاسفة |
| 650 | 0 | 4 | _aالعقل |
| 650 | 0 | 4 | _aابن رشد، ابوالوليد محمد بن احمد |
| 942 |
_2ddc _cBK |
||
| 999 |
_c4930 _d4930 |
||